Wales immigration by Country - Statistics

General Stats
  • This quiz has been taken 71 times
  • The average score is 16 of 20
Answer Stats
# People Contry of Origin % Correct
19,100 Ireland
100%
6,100 France
96%
62,000 Scotland
93%
418,000 England
91%
27,860 India
91%
30,857 Poland
91%
3,275 Spain
91%
6,600 United States
91%
25,630 Germany
89%
4,640 Portugal
87%
3,595 Netherlands
85%
3,750 Canada
83%
8,100 Pakistan
83%
11,200 Bangladesh
78%
14,210 China
78%
33,000 Northern Ireland
74%
4,600 Romania
67%
6,560 Brazil
59%
6,990 South Africa
52%
9,350 Philippines
46%
No matching quizzes found
Score Distribution
Percent of People with Each Score
Percentile by Number Answered
Your Score History
You have not taken this quiz